ბათუმის შოთა რუსთაველის სახელმწიფო უნივერსიტეტის ბიბლიოთეკა

სუბტროპიკული მცენარეული ნედლეულის შენახვა და გადამუშავება. (ბიბ.ჩანაწერი № 44371)

000 -LEADER
fixed length control field 01121nam a2200241Ia 4500
001 - CONTROL NUMBER
control field 11133
003 - CONTROL NUMBER IDENTIFIER
control field GE_BSU
008 - FIXED-LENGTH DATA ELEMENTS--GENERAL INFORMATION
fixed length control field 181216s||||||||xx |||||||||||||| ||und||
040 ## - CATALOGING SOURCE
Transcribing agency GE_BSU
080 ## - UNIVERSAL DECIMAL CLASSIFICATION NUMBER
Universal Decimal Classification number 631.563+664.8
100 ## - MAIN ENTRY--PERSONAL NAME
Personal name კობახიძე,შ
245 ## - TITLE STATEMENT
Title სუბტროპიკული მცენარეული ნედლეულის შენახვა და გადამუშავება.
245 ## - TITLE STATEMENT
Remainder of title სახელმძღვ.სუბრტოპიკული ინ-ტის სტუდენტებისათვის.
245 ## - TITLE STATEMENT
Statement of responsibility, etc. რედ:ელ.ფიფია.
250 ## - EDITION STATEMENT
Edition statement მეორე შევსებული და გადამუშავებული გამოცემა.
260 ## - PUBLICATION, DISTRIBUTION, ETC.
Place of publication, distribution, etc. თბილისი.
260 ## - PUBLICATION, DISTRIBUTION, ETC.
Name of publisher, distributor, etc. განათლება.
260 ## - PUBLICATION, DISTRIBUTION, ETC.
Date of publication, distribution, etc. 1986.
300 ## - PHYSICAL DESCRIPTION
Extent 422გვ;22სმ.
300 ## - PHYSICAL DESCRIPTION
Accompanying material ილ;
653 ## - INDEX TERM--UNCONTROLLED
Uncontrolled term სუბტროპიკული მცენარეული ნედლეულის შენახვა და გადამუშავება.
942 ## - ADDED ENTRY ELEMENTS (KOHA)
Koha item type წიგნი
ეგზემპლარები
Withdrawn status Lost status Damaged status Not for loan Date acquired Barcode Date last seen Price effective from Koha item type
        2018-12-17 19197 2018-12-17 2018-12-17 წიგნი
        2018-12-17 19198 2018-12-17 2018-12-17 წიგნი
        2018-12-17 19199 2018-12-17 2018-12-17 წიგნი
        2018-12-17 19200 2018-12-17 2018-12-17 წიგნი
        2018-12-17 19201 2018-12-17 2018-12-17 წიგნი
        2018-12-17 19202 2018-12-17 2018-12-17 წიგნი
        2018-12-17 19203 2018-12-17 2018-12-17 წიგნი
        2018-12-17 19204 2018-12-17 2018-12-17 წიგნი
        2018-12-17 19205 2018-12-17 2018-12-17 წიგნი
        2018-12-17 19206 2018-12-17 2018-12-17 წიგნი
        2018-12-17 19207 2018-12-17 2018-12-17 წიგნი
        2018-12-17 19208 2018-12-17 2018-12-17 წიგნი
        2018-12-17 19209 2018-12-17 2018-12-17 წიგნი
        2018-12-17 19210 2018-12-17 2018-12-17 წიგნი
        2018-12-17 19211 2018-12-17 2018-12-17 წიგნი
        2018-12-17 19212 2018-12-17 2018-12-17 წიგნი
        2018-12-17 19213 2018-12-17 2018-12-17 წიგნი
        2018-12-17 19214 2018-12-17 2018-12-17 წიგნი
        2018-12-17 19215 2018-12-17 2018-12-17 წიგნი
        2018-12-17 19216 2018-12-17 2018-12-17 წიგნი
        2018-12-17 19217 2018-12-17 2018-12-17 წიგნი
        2018-12-17 19218 2018-12-17 2018-12-17 წიგნი
        2018-12-17 19219 2018-12-17 2018-12-17 წიგნი
        2018-12-17 19220 2018-12-17 2018-12-17 წიგნი